Prajna Yoga / (Record no. 64268)

MARC details
000 -LEADER
fixed length control field 00396nam a22001457a 4500
005 - DATE AND TIME OF LATEST TRANSACTION
control field 20180813121749.0
020 ## - INTERNATIONAL STANDARD BOOK NUMBER
International Standard Book Number 8187100508
Terms of availability 400.00
035 ## - SYSTEM CONTROL NUMBER
System control number B-41576, B-041583
037 ## - SOURCE OF ACQUISITION
Stock number DPL
Source of stock number/acquisition ENG
100 ## - MAIN ENTRY--PERSONAL NAME
Personal name Raja, Hareesh
245 ## - TITLE STATEMENT
Title Prajna Yoga /
Statement of responsibility, etc by Hareesh Raja
260 ## - PUBLICATION, DISTRIBUTION, ETC. (IMPRINT)
Place of publication, distribution, etc New Delhi
Name of publisher, distributor, etc Ocean Books Pvt. Ltd.
Date of publication, distribution, etc 2000
300 ## - PHYSICAL DESCRIPTION
Extent 279p.
Dimensions 28 cms.
942 ## - ADDED ENTRY ELEMENTS (KOHA)
Source of classification or shelving scheme Dewey Decimal Classification
Item type English Books
Classification part 000
Call number suffix RGU
Holdings
Withdrawn status Lost status Not for loan Collection code Home library Current library Date acquired Cost, normal purchase price Full call number Barcode Cost, replacement price Koha item type
      Non-fiction Sarojini Nagar Sarojini Nagar 22/03/2012 400.00 000 RGU B-41572 400.00 English Books
      Non-fiction Sarojini Nagar Sarojini Nagar 22/03/2012 400.00 000 RGU B-41576 400.00 English Books
      Non-fiction Sarojini Nagar Sarojini Nagar 22/03/2012 400.00 000 RGU B-41584 400.00 English Books

© Delhi Public Library
Hit Counter
free hit counter